书目信息 |
| 题名: |
新编选矿概论
|
|
| 作者: | 魏德洲 , 高淑玲 , 刘文刚 编 | |
| 分册: | ||
| 出版信息: | 北京 冶金工业出版社 2012 |
|
| 页数: | 208页 | |
| 开本: | 26cm | |
| 丛书名: | ||
| 单 册: | ||
| 中图分类: | TD9 | |
| 科图分类: | ||
| 主题词: | 选矿--教材--高等教育 , 选矿 , 选矿--教材--高等教育 , 选矿 | |
| 电子资源: | ||
| ISBN: | 978-7-5024-6045-7 | |
| 000 | 01160nam0 2200313 450 | |
| 001 | 304 | |
| 005 | 20160905101705.03 | |
| 005 | 20130318134000.0 | |
| 005 | 20140412144817 | |
| 010 | @a978-7-5024-6045-7@dCNY26.00 | |
| 100 | @a20121227d2012 em y0chiy50 ea | |
| 101 | 0 | @achi |
| 102 | @aCN@b110000 | |
| 105 | @aa z 000yy | |
| 200 | 1 | @a新编选矿概论@9xin bian xuan kuang gai lun@f魏德洲,高淑玲,刘文刚编 |
| 210 | @a北京@c冶金工业出版社@d2012 | |
| 215 | @a208页@c图@d26cm | |
| 300 | @a普通高等教育“十二五”规划教材 | |
| 330 | @a本书介绍了有关矿石分选的基本概念、基本原理、主要设备和常见的分选工艺。全书共分为6章,介绍了选矿试验研究和工业生产过程所涉及的基本知识;矿石给入分选作业前对其进行破碎筛分和磨矿分级处理所涉及的粒度分析原理和仪器设备;矿物颗粒在介质中的沉降运动规律等内容。 | |
| 606 | 0 | @a选矿@j教材@x高等教育 |
| 606 | 0 | @a选矿 |
| 606 | @a选矿@j教材@x高等教育 | |
| 606 | @a选矿 | |
| 690 | @aTD9@v5 | |
| 701 | 0 | @a魏德洲@9wei de zhou@c(资源科学)@f(1956~)@4编 |
| 701 | 0 | @a高淑玲@9gao shu ling@c(资源科学)@4编 |
| 701 | 0 | @a刘文刚@9liu wen gang@f(1981~)@4编 |
| 801 | 0 | @aCN@b唐山师范学院图书馆@c20160721 |
| 905 | @aZUCC@dTD9@e34 | |
| 新编选矿概论/魏德洲,高淑玲,刘文刚编.-北京:冶金工业出版社,2012 |
| 208页:图;26cm |
| 普通高等教育“十二五”规划教材 |
| ISBN 978-7-5024-6045-7:CNY26.00 |
| 本书介绍了有关矿石分选的基本概念、基本原理、主要设备和常见的分选工艺。全书共分为6章,介绍了选矿试验研究和工业生产过程所涉及的基本知识;矿石给入分选作业前对其进行破碎筛分和磨矿分级处理所涉及的粒度分析原理和仪器设备;矿物颗粒在介质中的沉降运动规律等内容。 |
| ● |
| 相关链接 |
|
|
|
|
正题名:新编选矿概论
索取号:TD9/34
 
预约/预借
| 序号 | 登录号 | 条形码 | 馆藏地/架位号 | 状态 | 备注 |
| 1 | 901288 | 209012888 | 第二样本阅览室/ [索取号:TD9/34] | 在馆 | |
| 2 | 901289 | 209012897 | 第三借阅区/ [索取号:TD9/34] | 在馆 | |
| 3 | 901290 | 209012904 | 第三借阅区/ [索取号:TD9/34] | 在馆 | |
| 4 | 901291 | 209012913 | 第三借阅区/ [索取号:TD9/34] | 在馆 | |
| 5 | 901292 | 209012922 | 密集书库-化学系/ [索取号:TD9/34] | 在馆 |